|
|
|
|
| LEADER |
00000nam0a2200000 4500 |
| 001 |
73281 |
| 005 |
20231220105549.0 |
| 035 |
|
|
|a (RuTPU)RU\TPU\book\78191
|
| 090 |
|
|
|a 73281
|
| 100 |
|
|
|a 20050214d2006 m y0rusy50 ca
|
| 101 |
0 |
|
|a rus
|
| 102 |
|
|
|a RU
|
| 105 |
|
|
|a a j 001zy
|
| 200 |
1 |
|
|a Физические основы квантовой электроники
|e учебное пособие
|f С. И. Яковленко, Г. С. Евтушенко
|g Томский политехнический университет (ТПУ)
|
| 210 |
|
|
|a Томск
|c Изд-во ТПУ
|d 2006
|
| 215 |
|
|
|a 364 с.
|c ил.
|
| 225 |
1 |
|
|a Учебники Томского политехнического университета
|
| 320 |
|
|
|a Библиография в конце глав.
|
| 330 |
|
|
|a В учебном пособии рассмотрены физические основы квантовой электроники. Изложены основные принципы получения спонтанного и вынужденного излучения, элементы физики лазеров, взаимодействия излучения с изолированным атомом, физики радиационно-столкновительных переходов. Приведены некоторые типы лазеров и методы создания инверсии в них. В приложении даны кинетические уравнения для матрицы плотности, уравнения, описывающие поглощение и рассеяние мощного резонансного излучения, анализ взаимодействия между дискретными уровнями и континуумом. Пособие предназначено для студентов, обучающихся по направлениям 210100 «Электроника и микроэлектроника», 200300 «Биомедицинская инженерия», 200400 «Биомедицинская техника» и 200200 «Оптотехника».
|
| 606 |
1 |
|
|a Электроника квантовая
|2 stltpush
|3 (RuTPU)RU\TPU\subj\20327
|9 45436
|
| 610 |
1 |
|
|a излучение
|
| 610 |
1 |
|
|a лазеры
|
| 610 |
1 |
|
|a фотопереходы
|
| 610 |
1 |
|
|a дипольные переходы
|
| 610 |
1 |
|
|a спектральные линии
|
| 610 |
1 |
|
|a физика
|
| 610 |
1 |
|
|a активные среды
|
| 610 |
1 |
|
|a лазерная энергия
|
| 610 |
1 |
|
|a экстракция
|
| 610 |
1 |
|
|a резонансное поглощение
|
| 610 |
1 |
|
|a усиление
|
| 610 |
1 |
|
|a резонанс
|
| 610 |
1 |
|
|a радиационные столкновения
|
| 610 |
1 |
|
|a поляризационные силы
|
| 610 |
1 |
|
|a слабые поля
|
| 610 |
1 |
|
|a сильные поля
|
| 610 |
1 |
|
|a оптические столкновения
|
| 610 |
1 |
|
|a мощное резонансное излучение
|
| 610 |
1 |
|
|a кинетические уравнения
|
| 610 |
1 |
|
|a учебные пособия
|
| 675 |
|
|
|a 621.375.8
|v 3
|
| 700 |
|
1 |
|a Яковленко
|b С. И.
|g Сергей Иванович
|
| 701 |
|
1 |
|a Евтушенко
|b Г. С.
|c российский специалист в области электрофизики
|c профессор Томского политехнического университета, доктор технических наук
|f 1947-
|g Геннадий Сергеевич
|3 (RuTPU)RU\TPU\pers\21960
|9 9279
|
| 712 |
0 |
2 |
|a Томский политехнический университет (ТПУ)
|3 (RuTPU)RU\TPU\col\376
|
| 801 |
|
1 |
|a RU
|b 63413507
|c 20050214
|g PSBO
|
| 801 |
|
2 |
|a RU
|b 63413507
|c 20211012
|g PSBO
|
| 942 |
|
|
|c BK
|